Homosexual : oppression and liberation /

Salvato in:
Dettagli Bibliografici
Autore principale: Altman, Dennis
Natura: Libro
Lingua:inglese
Tags: Aggiungi Tag
Nessun Tag, puoi essere il primo ad aggiungerne!!

MARC

LEADER 00000nam a2200000 4500
001 CDOM0000002672
003 mi
005 20250908112804.0
008 250908b |||||||| |||| 00| 0 eng d
040 |c mi 
100 |a Altman, Dennis 
245 1 |a Homosexual :  |b oppression and liberation /  |c Dennis Altman 
942 |2 ddc  |c BK 
952 |0 0  |1 0  |2 ddc  |4 0  |7 0  |9 6131  |a MI  |b MI  |d 1988-02-18  |i 826  |l 0  |p CDOM826  |r 2025-07-13 16:28:00  |w 2025-07-13  |x ACQUISTO  |y BK 
999 |c 4903  |d 4903